Southville International School and Colleges
Your cart is empty.
  • Cart
  • Lists
    Public lists Eva Luna New books Lux_list list_1
    Your lists Log in to create your own lists
  • Log in to your account
  • Your cookies
  • Search history
Southville International School and Colleges
  • Advanced search
  • Recent comments
  • Most popular
  • Libraries

Log in to your account

Log in with GOOGLE


If you do not have an external account, but do have a local account, you can still log in:

  1. Home
  2. MARC view: Teachables II :
Normal view MARC view ISBD view

Teachables II : (Record no. 102135)

[ view plain ]
MARC details
000 -LEADER
fixed length control field 00474nam a2200157 a 4500
005 - DATE AND TIME OF LATEST TRANSACTION
control field 20140412111229.0
008 - FIXED-LENGTH DATA ELEMENTS--GENERAL INFORMATION
fixed length control field 020412s19uu xx 00 eng d
020 ## - INTERNATIONAL STANDARD BOOK NUMBER
International Standard Book Number 0-934140-41-3
050 ## - LIBRARY OF CONGRESS CALL NUMBER
Classification number TR(GS 745.5
Item number R22 1987
100 ## - MAIN ENTRY--PERSONAL NAME
Personal name Redleaf, Rhoda
245 ## - TITLE STATEMENT
Title Teachables II :
Remainder of title homemade toys that teach /
Statement of responsibility, etc by Rhoda Redleaf ; illustrations by Ellen Krans.
260 ## - PUBLICATION, DISTRIBUTION, ETC. (IMPRINT)
Place of publication, distribution, etc Minnesota :
Name of publisher, distributor, etc Toy's n Things Press,
Date of publication, distribution, etc 1987.
300 ## - PHYSICAL DESCRIPTION
Extent 224 p.
650 ## - SUBJECT ADDED ENTRY--TOPICAL TERM
Topical term or geographic name as entry element Crafts
Holdings
Withdrawn status Lost status Damaged status Home library Current library Shelving location Date acquired Source of acquisition Total Checkouts Full call number Barcode Date last seen Price effective from Koha item type
      Elizalde Library Elizalde Library Teachers Reference Section 04/12/2002     TR(GS 745.5 R22 1987 E0611 04/12/2014 04/12/2014 Books

Teachables II :

APA

Redleaf R., . (1987). Teachables II. Minnesota: Toy's n Things Press.

Chicago

Redleaf Rhoda, . 1987. Teachables II. Minnesota: Toy's n Things Press.

Harvard

Redleaf R., . (1987). Teachables II. Minnesota: Toy's n Things Press.

MLA

Redleaf Rhoda, . Teachables II. Minnesota: Toy's n Things Press. 1987.

  • Place hold
  • Print
  • Cite
  • Add to your cart (remove)
  • Save record
    BIBTEX Dublin Core MARCXML MARC (non-Unicode/MARC-8) MARC (Unicode/UTF-8) MARC (Unicode/UTF-8, Standard) MODS (XML) RIS
  • More searches
    Search for this title in:
    Other Libraries (WorldCat) Other Databases (Google Scholar) Online Stores (Bookfinder.com) Open Library (openlibrary.org)

Exporting to Dublin Core...

SOUTHVILLE LIBRARY

Southville International School and Colleges Library

1281 Tropical Ave. Cor. Luxembourg St., BF Homes International, Las Pinas City

Tel. No. 8256374 / 252358 Loc. 117/146

Powered by Koha